000 00668nam a22002417a 4500
003 UA-OsUOA
001 78537
007 ta
008 20111014b un ||||| |||| 00| 0 ukr d
100 _aЭмар Г.
090 _a821.161.1(44)
_bЭ54
942 _cBK
040 _aUA-OsUOA
_brus
_cUA-OsUOA
_dUA-OsUOA
245 _aМаисовый колос. Розас
_bроманы
300 _a495 с.
955 _a3
041 _arus
080 _a821.161.1(44)
020 _a5-8392-0023-9
260 _aСПб
_bРИЦ "Культ-информ-прес"
_c1992
650 7 _a82 Література. Літературознавство
_2UDC
999 _c364852
_d364852